Central Library OPAC University of Rajshahi

Middle East and Central Asia databook / (Record no. 66013)

MARC details
000 -LEADER
fixed length control field 00961nam a2200277 a 4500
001 - CONTROL NUMBER
control field 66013
003 - CONTROL NUMBER IDENTIFIER
rucl marc code BD-RjUL
005 - DATE AND TIME OF LATEST TRANSACTION
control field 20211209081506.0
008 - FIXED-LENGTH DATA ELEMENTS--GENERAL INFORMATION
fixed length control field 170313s2004 enka s 000 0 eng c
020 ## - INTERNATIONAL STANDARD BOOK NUMBER
International Standard Book Number 1857432029
035 ## - SYSTEM CONTROL NUMBER
System control number (BD-RjUL)66143
040 ## - CATALOGING SOURCE
Original cataloging agency UKM
Transcribing agency UKM
Modifying agency BD-RjUL
Language of cataloging eng
041 ## - LANGUAGE CODE
Language code of text/sound track or separate title eng
082 00 - DEWEY DECIMAL CLASSIFICATION NUMBER
Classification number 315.6
Edition number 23
Author mark and year MID 2004
245 00 - TITLE STATEMENT
Title Middle East and Central Asia databook /
Statement of responsibility, etc. edited by Edwards Economic Research Inc.
260 ## - PUBLICATION, DISTRIBUTION, ETC. (IMPRINT)
Place of publication, distribution, etc. London :
Name of publisher, distributor, etc. Europa,
Date of publication, distribution, etc. c2004.
300 ## - PHYSICAL DESCRIPTION
Pagination xvi, 484 p. :
Illustrations ill. ;
Size 31 cm.
651 #0 - SUBJECT ADDED ENTRY--GEOGRAPHIC NAME
Geographic name Middle East
Form subdivision Statistics.
9 (RLIN) 195263
Geographic name Asia, Central
Form subdivision Statistics.
9 (RLIN) 195264
Geographic name Middle East
General subdivision Economic conditions
Chronological subdivision 1979-
9 (RLIN) 195265
Geographic name Asia, Central
General subdivision Economic conditions
Chronological subdivision 1991-
9 (RLIN) 195266
Geographic name Middle East
General subdivision Politics and government
Chronological subdivision 1979-
9 (RLIN) 195267
Geographic name Asia, Central
General subdivision Politics and government
Chronological subdivision 1991-
9 (RLIN) 195268
710 2# - ADDED ENTRY--CORPORATE NAME
Corporate name or jurisdiction name as entry element Edwards Economic Research Inc.
9 (RLIN) 195269
942 ## - ADDED ENTRY ELEMENTS (KOHA)
Source of classification or shelving scheme Dewey Decimal Classification
Koha item type Books
Holdings
Lost status Source of classification or shelving scheme Damaged status Not for loan Collection code Permanent Location Current Location Shelving location Date acquired Source of acquisition Cost, normal purchase price Total Checkouts Full call number Date last seen Copy number Koha item type
  Dewey Decimal Classification   Not For Loan Non-fiction Central Library, University of Rajshahi Central Library, University of Rajshahi Reading Room 13/04/2006 Paragogn Enterprise, Dhaka 250.00   315.6 MID 2004 13/03/2017 C-1 Books